The history of Charles the Fifth / (Record no. 162547)
[ view plain ]
| 000 -LEADER | |
|---|---|
| campo de control de longitud fija | 00883nam a22002175i 4500 |
| 001 - NÚMERO DE CONTROL | |
| campo de control | 162547 |
| 003 - IDENTIFICADOR DE NÚMERO DE CONTROL | |
| campo de control | ES-MaACL |
| 005 - FECHA Y HORA DE LA ÚLTIMA TRANSACCIÓN | |
| campo de control | 20250805062426.0 |
| 008 - DATOS DE LONGITUD FIJA--INFORMACIÓN GENERAL | |
| campo de control de longitud fija | 041118s1897 xxk |||| | eng d |
| 040 ## - FUENTE DE CATALOGACIÓN | |
| Centro catalogador/agencia de origen | CAM |
| Lengua de catalogación | spa |
| Centro/agencia transcriptor | CAM |
| 100 1# - ENTRADA PRINCIPAL--NOMBRE DE PERSONA | |
| Nombre de persona | Prescott, William Hickling, |
| Fechas asociadas al nombre | 1796-1859 |
| 9 (RLIN) | 131353 |
| 245 14 - MENCIÓN DEL TÍTULO | |
| Título | The history of Charles the Fifth / |
| Mención de responsabilidad, etc. | of William Hickling Prescott ; edited with the author's latest corrections, by John Foster Kirk. |
| 260 ## - PUBLICACIÓN, DISTRIBUCIÓN, ETC. | |
| Lugar de publicación, distribución, etc. | London : |
| Nombre del editor, distribuidor, etc. | Gibbings & Company, |
| Fecha de publicación, distribución, etc. | 1897. |
| 300 ## - DESCRIPCIÓN FÍSICA | |
| Extensión | 2 v. (XVI, 658 ; VIII, 705 p.) ; |
| Dimensiones | 24 cm. |
| 490 1# - MENCIÓN DE SERIE | |
| Mención de serie | The complete works of William Hickling Prescott ; |
| Designación de volumen o secuencia | 7 ; 8 |
| 600 04 - PUNTO DE ACCESO ADICIONAL DE MATERIA--NOMBRE DE PERSONA | |
| Nombre de persona | Carlos |
| Numeración | I, |
| Títulos y otros términos asociados al nombre | Rey de España |
| 9 (RLIN) | 35296 |
| 700 1# - ENTRADA AGREGADA--NOMBRE PERSONAL | |
| Nombre de persona | Kirk, John Foster. |
| 9 (RLIN) | 128461 |
| 830 0# - PUNTO DE ACCESO ADICIONAL DE SERIE-TÍTULO UNIFORME | |
| Título uniforme | The complete works of William Hickling Prescott ; |
| Designación de volumen o secuencia | 7 ; 8 |
| 9 (RLIN) | 222202 |
| 852 ## - LOCALIZACIÓN | |
| Ubicación | ES-MaACL |
| Número de control de estantería | G-5951-52 |
| Nota libre | -- Enc. tela |
| Estatus retirado | Estado de pérdida | Estado de daño | No para préstamo | Colección | Biblioteca de origen | Biblioteca actual | Ubicación en estantería | Fecha de adquisición | Total de préstamos | Signatura topográfica completa | Código de barras | Visto por última vez | Precio de reemplazo | Tipo de ítem Koha |
|---|---|---|---|---|---|---|---|---|---|---|---|---|---|---|
| Libros del s. XIX | Biblioteca del Ateneo de Madrid | Biblioteca del Ateneo de Madrid | Depósito 2 | 17/01/2008 | G-5951-52 | 1170288 | 23/02/2023 | 23/02/2023 | Libro impreso antiguo |
